000 00490nam a2200181Ia 4500
005 20250508162807.0
008 008 250505s9999 xx 000 0 eng d
037 _aTextual
040 _aFEDL
_beng
_cFEDL
041 _aeng
_2eng
084 _a540, TZI
_qFEDL
100 _aTzimopoulos Nicholas D
_9774067
245 0 _aModern chemistry
260 _aAustin
_bHolt, Rinehart and Winston
_c1982
300 _a854p.
942 _cTEXL
_h540, TZI
999 _c1378718
_d1378718